Cashew trade mission to Italy and France 1964 (Record no. 23565)

MARC details
000 -LEADER
fixed length control field 00309nam a2200109Ia 4500
082 ## - DEWEY DECIMAL CLASSIFICATION NUMBER
Classification number 339.1:634.573
Item number CAS
245 #0 - TITLE STATEMENT
Title Cashew trade mission to Italy and France 1964
260 ## - PUBLICATION, DISTRIBUTION, ETC. (IMPRINT)
Place of publication Kerala
Name of publisher Cashew Export Promotion Council
Year of publication 1964
650 ## - SUBJECT ADDED ENTRY--TOPICAL TERM
Topical Term Cashew
942 ## - ADDED ENTRY ELEMENTS (KOHA)
Koha item type Books
Holdings
Withdrawn status Lost status Damaged status Not for loan Home library Current library Date acquired Source of acquisition Full call number Accession Number Koha item type
        RRII Library RRII Library 16/12/2021 Auction 339.1:634.573 CAS 04263 Books